| 000 | 00898nam a2200301 a 4500 | ||
|---|---|---|---|
| 001 | vtls000102390 | ||
| 003 | NLI | ||
| 005 | 20210601201853.0 | ||
| 008 | 101125s1965 nyu 000 0 eng | ||
| 020 | _cUSD 1.35 | ||
| 039 | 9 |
_y201011251139 _zVLOAD |
|
| 040 |
_aNLI _beng _cDataSoft _eAACR2 |
||
| 041 | 1 | _aeng | |
| 044 | _anyu | ||
| 082 | 0 | 4 | _a320.1 |
| 100 | 1 |
_aGuicciardini, Francesco _9215879 |
|
| 245 | 1 | 0 |
_aMarxims and reflections of a Renaissance statesman (Ricordi) / _cFrancesco Guicciardini; translated by Mario Domandi |
| 260 |
_aNew York : _bHarper Torch Books, _c1965 |
||
| 300 |
_a150 p. ; _c21 cm. |
||
| 650 | 0 |
_aCommunism _91081 |
|
| 650 | 0 |
_aRenaissance _986433 |
|
| 700 | 1 |
_aDomandi, Mario, _4trl _9215880 |
|
| 887 | _a | ||
| 901 |
_a375674 _b04.06.1965 |
||
| 902 | _aE320.1 G941 | ||
| 949 |
_AVIRTUAITEM _D10000 _X100 _6PUR000375674ENG |
||
| 942 |
_2ddc _cBKS |
||
| 999 |
_aVIRTUA00 _c106926 _d106926 |
||